00830nam a2200241Ia 4500003000400000005001700004006001800021007000300039008004100042024001100083037001100094040001800105041001300123100002300136110008100159245017200240260000900412300001800421650001800439700002500457700002500482700008100507OSt20220930081830.0a|||||r|||| 00| 0ta220926b |||||||| |||| 00| 0 eng d a109108 cTheses aCRLcCRLbeng 2engaeng aGupta Suneel Kumar aUniversity of Delhi. Faculty of Medical Sciences. Department of Neurosurgery 0aStudy of cerebrospinal fluid and tumor cyst fluid lactate dehydrogenase and creatinine phosphokinase in patients with brain tumors and infections of cerebrospinal axis c2007 a43p.ap.ccm. aNEUROSCIENCES a Dr. Ajay Sharma Gu. a Dr. V. K. Gupta Gu. aUniversity of Delhi. Faculty of Medical Sciences. Department of Neurosurgery